Records en F1 - QCM - Statistiques

Statistiques générales
  • Ce quiz a été pris 30 fois
  • Le résultat moyen est 7 sur 25
Statistiques - réponses
Question Réponse % Correct
Lequel de ces pays comporte moins de 100 victoires au total ? Les Pays-Bas
54%
Quel a été le pilote ayant obtenu son titre le plus précocement (en % de la saison) ? Michael Schumacher
54%
Et où s'était déroulé ce GP ? Au Canada
50%
Et l'écurie ? Ferrari
50%
Lequel de ces duos de pilotes est apparu le plus souvent en première ligne ? Hamilton et Rosberg
50%
Et l'écart le plus faible ? 0.5 point
42%
A combien s'élève l'écart le plus grand entre un champion et son dauphin ? 290 points
42%
A combien s'élève le record du plus de nations représentés par les pilotes dans un GP ? 16
38%
Quel a été le 1000ème GP de l'histoire ? Chine 2019
38%
Quelle saison dispose du record du nombre de victorieux ? 1982
33%
Lewis Hamilton co-possède le record du plus grand nombre de victoires consécutives sur un même Grand Prix. Sur quel GP son record a été établi ? Espagne
29%
Stirling Moss détient le record du nombre de fois où un pilote a fini dauphin d'une saison. Combien de fois a-t-il fini dauphin d'une saison ? 4 fois
25%
Quel pilote possède le malheureux record de victoires dans une saison sans avoir remporté le championnat ? Lewis Hamilton
25%
Trois nations possèdent le 2e plus haut nombre de pilotes champions du monde, lequel de ces pays ne fait pas partie du trio ? L'Italie
25%
Dans combien de circuits différents Lewis Hamilton a-t-il été victorieux ? 31
21%
Combien de temps a duré le GP le plus long de l'histoire ? 4 heures, 4 minutes et 39 secondes
21%
Quel pilote possède le plus grand intervalle de GP entre deux de ses pôle positions ? Kimi Räikkönen
21%
Quel circuit a accueilli le plus de GP ? Monza
21%
Quelle écurie a passé le plus de tours en tête le long d'une saison (en % de la saison) ? McLaren
13%
Quel duo de pilotes co-possède le record de pôle positions consécutives ? Senna et Verstappen
13%
A combien de voitures s'élève le record de nombre de voitures au départ d'un GP ? 34
8%
En dehors du numéro 1, quel numéro de pilote a eu le plus de points ? Le 5
8%
Quel pilote possède le plus de pôle positions consécutives sur un même GP ? Ayrton Senna
4%
Parmi ces GP, lequel ne fait pas partie des 14 terminés sous Safety Car ? Canada 1995
4%
A combien s'élève la plus grande série de GP avec des vainqueurs différents ? 9
0%
Aucun quiz correspondant
Distribution des résultats
% des personnes avec chaque résultat
Percentile par nombre de réponses
Votre historique - résultats
Vous n’avez pas pris ce quiz